000 00884nam0a22002531 4500
001 RU\NLR\INFOCOMM_161\5000075754
005 20250613094739.0
035 _a(NLR Aleph) 009272739
090 _a9112284
_c9112284
100 _a20100806d1935 |||y0rusy50 ca
101 0 _afre
102 _aRU
105 _aa ||||000|y
200 1 _aDiscours du camarade Dimitrov à la séance d'ouverture du VI-e congrès de l'Internationale communiste des jeunes. 25 Septembre 1935
210 _aMoscou
_d[1935]
215 _a22, [2] с.
_cфронт. (портр.)
_d13 см
601 0 2 _aКоммунистический Интернационал молодежи
_2nlr_sh1
700 1 _aDimitrov
_bG.
_f1882-1949
_gGeorgi
_4070
712 0 2 _aInternationale communiste des jeunes
_4570
801 1 _aRU
_bNLR
_c20100806
801 0 _aRU
_bNLR
_gPSBO
852 _aNLR
_jD8/947
942 _cBOOK
980 _aNB